000 00353nam a22001457a 4500
003 macl
005 20180411131159.0
008 180411b xxu||||| |||| 00| 0 eng d
040 _cmacl
100 _aAnurag Sharma
_971961
245 _aHealthy Body Diet
260 _aAllahabad
_bMeenakshi Prakashan
_c2016
650 _aHealth
_971962
942 _2ddc
_cBK
999 _c57675
_d57675